Predikcia spotreby elektrickej energie s použitím biologicky inšpirovaných algoritmov

Saved in:
Bibliographic Details
Main Author: Halaš, Peter (Author)
Other Authors: Lóderer, Marek (Thesis advisor)
Format: Manuscript Book
Language:Slovak
Published: 2017
Subjects:
Online Access:http://is.stuba.sk/zp/portal_zp.pl?podrobnosti=126933
Tags: Add Tag
No Tags, Be the first to tag this record!

MARC

LEADER 00000ntm a22000003a 4500
001 stuzp64592
003 SK-STU
005 20170624213626.7
007 ta
008 150427s2015----xo-----f-mn---000-0-slo-d
040 |a STU  |b slo 
041 0 |a slo 
100 1 |a Halaš, Peter  |u 070200  |4 aut  |U FIIT Fakulta informatiky a informačných technológií  |T FIIT Ústav informatiky, informačných systémov a softvérového inžinierstva  |X 52407  |U I200  |Y 179  |7 52407 
242 0 1 |a Prediction of electricity consumption using biologically inspired algorithms  |y eng 
245 1 0 |a Predikcia spotreby elektrickej energie s použitím biologicky inšpirovaných algoritmov 
260 |c 2017 
650 4 |a učenie súborom metód  |2 slo 
650 4 |a rojovo inšpirované algoritmy  |2 slo 
650 4 |a energetika  |2 slo 
650 4 |a ensemble model  |2 eng 
650 4 |a swarm intelligent algorithms  |2 eng 
650 4 |a energetics  |2 eng 
700 1 |a Lóderer, Marek  |u 070200  |k Z3  |4 ths  |U FIIT Fakulta informatiky a informačných technológií  |T FIIT Ústav informatiky, informačných systémov a softvérového inžinierstva  |X 64391  |U I200  |Y 179  |7 64391 
856 4 |u http://is.stuba.sk/zp/portal_zp.pl?podrobnosti=126933 
996 |b 11182  |c I* DP93/17  |l II680  |s P  |a 0  |w stuzp64592_0001